Csanád Vármegye Története 1715-IG

Bibliographic Details
Main Author: Borovszky, Samu (Author)
Format: Book
Language:Undetermined
PhysicalDescription:647 s.
Published: Budapest Akadémia Palotájában 1897

MARC

LEADER 00000nam a2200000 a 4500
001 vtls001387005
003 SK-MaSNL
005 20260301161518.0
008 240314s1897 xx 0 und
035 |a SNK000341190 
040 |a SNK  |b slo  |c SNK  |e AACR2 
041 0 |a und 
044 |a xx 
100 1 |a Borovszky, Samu  |4 aut  |9 281664 
245 1 0 |a Csanád Vármegye Története 1715-IG 
260 |a Budapest  |b Akadémia Palotájában  |c 1897 
300 |a 647 s. 
958 |a ONDV 
999 |c 809763  |d 811693 
952 |t P60, <04>, [BOOK], {604}  |a SNK  |b SNK  |y VYP  |7 0  |p 17A0235248  |o snkIC 78905/2  |0 0  |1 0  |4 0  |d 2000-04-13  |l 0  |r 2005-01-02 00:00:00  |w 2026-02-24